UBT Library

ONCOLOGY DRUG INFORMATION (Record no. 58422)

000 -LEADER
fixed length control field 00323nam a22001457a 4500
008 - FIXED-LENGTH DATA ELEMENTS--GENERAL INFORMATION
fixed length control field 221007b ||||| |||| 00| 0 eng d
020 ## - INTERNATIONAL STANDARD BOOK NUMBER
International Standard Book Number 1891560018
041 ## - LANGUAGE CODE
Language code of text/sound track or separate title eng
080 ## - UNIVERSAL DECIMAL CLASSIFICATION NUMBER
Edition identifier 2ND EDITION
Universal Decimal Classification number 615
082 ## - DEWEY DECIMAL CLASSIFICATION NUMBER
Classification number 615
100 ## - Rafti
Rafti 15
101 ## - Shkurtesa
Shkurtesa ONC
245 ## - TITLE STATEMENT
Title ONCOLOGY DRUG INFORMATION
Statement of responsibility, etc LARRY R
942 ## - ADDED ENTRY ELEMENTS (KOHA)
Source of classification or shelving scheme
Item type Books
Holdings
Withdrawn status Lost status Source of classification or shelving scheme Damaged status Not for loan Collection code Permanent location Current location Date acquired Total Checkouts Full call number Barcode Date last seen Price effective from Koha item type
          Koleksioni i përgjithshem UBT - Lipjan UBT - Lipjan 10/07/2022   615 LARR 002-800028700189 10/07/2022 10/07/2022 Books
UBT Library © 2015-2024. All rights reserved University Education for Business and Technology